000 00450nam a2200157 4500
001 120329
003 ES-MaACL
005 20230906191525.0
007 t|
008 070214s1970 sp r ||||1| spa d
245 0 0 _aPoesía mística
_b: San Juan de la Cruz, Santa Teresa de Jesús, Jacinto Verdaguer.
250 _a1ª. ed.
260 _aBarcelona :
_bZeus,
_c1970.
300 _a306 p. :
_bil. ;
_c17 cm.
852 _aES-MaACL
_jC-40476
_bR.76791
999 _c120329
_d120329